000 00754cam a2200253 a 4500
001 000008078
005 20200929154425.0
008 900509s1985 sp 000 f spa d
020 _a8420421723
040 _aDO-SdBNP
_dBNPHU
082 _a863.64
_bM562ó
100 1 _aMerino, José María,
_d1941-
_94124
245 1 3 _aLa orilla oscura /
_cJosé María Merino.
260 _aMadrid :
_bAlfaguara,
_c1985.
300 _a347 p. ;
_c20 cm.
490 0 _aLiteratura Alfaguara
_v160
500 _aLa biblioteca posee la cuarta reimpresión del 1990.
650 4 _aNovela española
_91123
650 4 _aLiteratura española
_9632
830 0 _aLiteratura Alfaguara ;
_v160
_913319
910 _aCatalogación derivada
910 _aWM
049 _aBNGR
999 _c7855
_d7855